Kinds Of Cheese - Statistics

General Stats
  • This quiz has been taken 1,132 times
    1,110 since last reset
  • The average score is 5 of 15
Answer Stats
Hint Answer % Correct
c cheddar
87%
g gouda
63%
m mozzarella
60%
s swiss
54%
p parmesan
53%
f feta
42%
a american
39%
h havarti
27%
j jack
26%
p pepperjack
24%
m munster
22%
a asiago
18%
b bleu
16%
c cottage
16%
w waterloo
1%
No matching quizzes found
Score Distribution
Percent of People with Each Score
Percentile by Number Answered
Your Score History
You have not taken this quiz since the last reset